000 00871nam a22002057a 4500
005 20220119112535.0
008 220119b ||||| |||| 00| 0 eng d
020 _a9780552161244
040 _cAL
041 _aeng
082 _223
_a813.54
_bBROD
100 _aDan Brown
_913661
245 _aDeception Point
260 _aLondon
_bCorgi Book
_c2009
300 _a591p.
_bPB
_c17.3X10.5cm.
365 _2General
_a4477
_b₹389.22
_c
_d₹499.00
_e22%
_f18-12-2021
520 _aA rare object has been found deep in the ice at the Arctic Circle. And Rachel Sexton is called to verify this game-changing discovery. But evidence of tampering at the site changes everything. Fleeing for her life, Rachel’s only hope of survival is to find answers. But the truth is the most shocking deception of all.
650 _2Fiction
_aEnglish Fiction
_913662
942 _2ddc
_cBK
999 _c221242
_d221242